00315nam a2200121Ia 4500008004100000041000800041082001400049100002300063245004200086260003100128300002900159365000500188240624s9999 xx 000 0 und d aeng a332.6 STE aSTEINHARDT MICHAEL aNO BULL MY LIFE IN AND OUT OF MARKETS c2001aNew YorkbJohn Wiley ax, : 289 : p. : cm. ; 24 c